[Event "Super-Match ICF -v- NE"]
[Site "SchemingMind.com"]
[Date "2011.06.15"]
[Round "-"]
[White "Catalinn"]
[Black "AussieMossie"]
[Result "1-0"]
[WhiteCountry "ROU"]
[BlackCountry "AUS"]
[WhiteElo "2513"]
[WhiteRD "105"]
[BlackElo "2331"]
[BlackRD "105"]
[GameID "286718"]

1. e4 c5 2. Nf3 Nc6 3. d4 cxd4 4. Nxd4 Nf6 5. Nc3 e5 6. Ndb5 d6 7. Bg5 a6 8. Na3 b5 9. Nd5 Be7 10. Bxf6 Bxf6
11. c3 O-O 12. Nc2 Bg5 13. a4 bxa4 14. Rxa4 a5 15. Bc4 Rb8 16. b3 Ne7 17. Nxe7+ Bxe7 18. O-O Bg5 19. Qd3 Bd7 20. Ra3 a4
21. bxa4 Rb2 22. a5 Qc7 23. a6 Rxc2 24. Bxf7+ Kxf7 25. Qxc2 Ra8 26. Qb3+ Ke7 27. Rb1 Ra7 28. Qb7 Rxb7 29. axb7 Bc1 30. Rab3 Bb5
31. Rxc1 Qxb7 32. c4 Qc6 33. Rxb5 Qxe4 34. c5 dxc5 35. Rbxc5 Kf6 36. Rc7 Qd5 37. h3 h5 38. R1c5 Qg8 39. g3 Qe8 40. R7c6+ Kf7
41. Rc8 Qa4 42. R5c7+ Ke6 43. Rxg7 h4 44. gxh4 Qxh4 45. Rc6+ Kd5 46. Rc3 Ke6 47. Rg4 Qd8 48. Re3 Qd1+ 49. Kg2 Qd5+ 50. Rf3 Qa8
51. Rg6+ Ke7 52. Rg5 Ke6 53. h4 Qa4 54. h5 Qe4 55. Rg7 Qh4 56. Rg6+ Kd5 57. h6 Kd4 58. Kg1 Qe4 59. Rgg3 Qh7 60. Rg4+
1-0

[Event "Super-Match ICF -v- NE"]
[Site "SchemingMind.com"]
[Date "2011.06.15"]
[Round "-"]
[White "AussieMossie"]
[Black "Catalinn"]
[Result "1/2-1/2"]
[WhiteCountry "AUS"]
[BlackCountry "ROU"]
[WhiteElo "2331"]
[WhiteRD "105"]
[BlackElo "2513"]
[BlackRD "105"]
[GameID "286738"]

1. e4 c5 2. Nf3 Nc6 3. d4 cxd4 4. Nxd4 e6 5. Nc3 Qc7 6. Be2 Nf6 7. O-O a6 8. Be3 Bb4 9. Nxc6 bxc6 10. a3 Be7
11. Qd4 c5 12. Qc4 Bb7 13. Bf3 Bd6 14. g3 Be5 15. Rfd1 Rc8 16. Rd3 O-O 17. Rad1 h6 18. Bg2 Rfd8 19. f4 Bxc3 20. Rxc3 d5
21. Qxc5 Qb8 22. Qb6 Ng4 23. Rxc8 Qxc8 24. Bc5 Nf6 25. b4 Nd7 26. Qa5 dxe4 27. c4 Re8 28. Be3 e5 29. h3 exf4 30. gxf4 Qc6
31. a4 Bc8 32. Rd4 Qf6 33. Qc7 Nf8 34. Kh2 Qh4 35. Qc6 Re6 36. Rd6 Qe1 37. Rxe6 Bxe6 38. Bc5 Qd2 39. Qxe4 Nd7 40. Qd4 Qa2
41. Be7 a5 42. c5 axb4 43. c6 Nf6 44. Bxf6 gxf6 45. f5 Bxf5 46. Qxb4 Kg7 47. a5 Qa1 48. Qb5 Bc8 49. Qc5 Qb2 50. Qd6 Ba6
51. h4 Qa1 52. Qg3+ Kf8 53. Qf4 Kg7 54. Qg4+ Kf8 55. Qb4+ Kg7 56. Qg4+ Kf8 57. Qb4+ Kg7 58. Bf3 Qe5+ 59. Kg2 Qa1 60. Qg4+ Kh8
61. Qf5 Qf1+ 62. Kg3 Qe1+ 63. Kh3 Qf1+ 64. Kg4 Kg7 65. Qc5 Bc8+=
1/2-1/2

[Event "Super-Match ICF -v- NE"]
[Site "SchemingMind.com"]
[Date "2011.06.16"]
[Round "-"]
[White "otsenrechess"]
[Black "SwirlingEddie"]
[Result "1-0"]
[WhiteCountry "HUN"]
[BlackCountry "USA"]
[WhiteElo "2147"]
[WhiteRD "45"]
[BlackElo "2246"]
[BlackRD "107"]
[GameID "286719"]

1. e4 Nf6 2. e5 Nd5 3. d4 d6 4. Nf3 g6 5. Bc4 Nb6 6. Bb3 Bg7 7. Ng5 e6 8. Qf3 Qe7 9. Ne4 dxe5 10. Bg5 Qb4+
11. c3 Qa5 12. Bf6 Bxf6 13. Qxf6 O-O 14. Qxe5 Qxe5 15. dxe5 N8d7 16. f4 a5 17. Na3 a4 18. Bc4 Nxc4 19. Nxc4 f5 20. exf6 Nxf6
21. Nxf6+ Rxf6 22. O-O b6 23. Ne5 Ba6 24. c4 Rd8 25. g3 Rd2 26. Rf2 Rxf2 27. Kxf2 g5 28. Rg1 Rf5 29. h4 gxf4 30. gxf4+ Kf8
31. Kg3 Bb7 32. Rc1 Ke8 33. c5 Rf8 34. c6 Bc8 35. Kf3 Rg8 36. Rc4 b5 37. Rc5 Ba6 38. Nd3 b4 39. Nxb4 Bf1 40. Rg5 Kf7
41. Rxg8 Kxg8 42. Ke4 Kf7 43. Kd4 Bg2 44. Kc5 Ke7 45. a3 Be4 46. Na2 Bc2 47. Nc3 Kd8 48. Kb5
1-0

[Event "Super-Match ICF -v- NE"]
[Site "SchemingMind.com"]
[Date "2011.06.16"]
[Round "-"]
[White "SwirlingEddie"]
[Black "otsenrechess"]
[Result "1-0"]
[WhiteCountry "USA"]
[BlackCountry "HUN"]
[WhiteElo "2294"]
[WhiteRD "109"]
[BlackElo "2301"]
[BlackRD "51"]
[GameID "286739"]

1. d4 d5 2. c4 c6 3. Nf3 Nf6 4. Nc3 dxc4 5. a4 e6 6. e3 c5 7. Bxc4 a6 8. Qe2 Nc6 9. O-O Qc7 10. Rd1 Be7
11. h3 O-O 12. dxc5 h6 13. e4 Nd7 14. g3 Nxc5 15. Bf4 Qb6 16. Ne5 Nxe5 17. Bxe5 Rd8 18. Qg4 g6 19. Qf4 g5 20. Qf3 Rxd1+
21. Rxd1 Bd7 22. Qh5 Bf8 23. h4 Be8 24. Qg4 Bg7 25. Bxg7 Kxg7 26. hxg5 h5 27. Qf4 Kg8 28. Qf6 Qc7 29. g6 fxg6 30. b4 Qf7
31. Qxf7+ Kxf7 32. bxc5 Rc8 33. Bb3 Rxc5 34. Ne2 Ke7 35. f4 b5 36. axb5 Bxb5 37. Nd4 Bd7 38. Kf2 a5 39. e5 a4 40. Bc2 g5
41. Ke3 gxf4+ 42. gxf4 Rc8 43. Rg1
1-0

[Event "Super-Match ICF -v- NE"]
[Site "SchemingMind.com"]
[Date "2011.06.20"]
[Round "-"]
[White "Valverde"]
[Black "Professor"]
[Result "0-1"]
[WhiteCountry "ESP"]
[BlackCountry "USA"]
[WhiteElo "2260"]
[WhiteRD "95"]
[BlackElo "2272"]
[BlackRD "93"]
[GameID "286721"]

1. e4 Nf6 2. e5 Nd5 3. d4 d6 4. Nf3 c6 5. Be2 dxe5 6. dxe5 Bg4 7. O-O Bxf3 8. Bxf3 e6 9. c4 Ne7 10. Qe2 Nd7
11. Nc3 Ng6 12. Bh5 Bb4 13. Ne4 Ndxe5 14. Rd1 Qa5 15. a3 Be7 16. f4 Nd7 17. b4 Qc7 18. f5 exf5 19. Nd6+ Kf8 20. Nxf5 Re8
21. Qf2 Bf6 22. Ra2 Be5 23. h3 Nf6 24. Bf3 Qc8 25. Nd6 Bxd6 26. Rxd6 Qf5 27. Re2 Ne5 28. Re3 h5 29. Rd1 h4
0-1

[Event "Super-Match ICF -v- NE"]
[Site "SchemingMind.com"]
[Date "2011.06.20"]
[Round "-"]
[White "Professor"]
[Black "Valverde"]
[Result "1-0"]
[WhiteCountry "USA"]
[BlackCountry "ESP"]
[WhiteElo "2246"]
[WhiteRD "91"]
[BlackElo "2275"]
[BlackRD "94"]
[GameID "286741"]

1. e4 c5 2. Nc3 d6 3. g3 Nc6 4. Bg2 g6 5. d3 Bg7 6. Be3 Rb8 7. Qd2 b5 8. f4 b4 9. Nd1 e6 10. Nf3 Bb7
11. O-O Nge7 12. a3 a5 13. axb4 axb4 14. d4 cxd4 15. Nxd4 O-O 16. Re1 Nxd4 17. Bxd4 e5 18. Ba7 Ra8 19. Qxb4 Qc8 20. fxe5 Bxe5
21. c3 Nc6 22. Qb6
1-0

[Event "Super-Match ICF -v- NE"]
[Site "SchemingMind.com"]
[Date "2011.06.16"]
[Round "-"]
[White "CenturyBugs"]
[Black "Phil Cook"]
[Result "1-0"]
[WhiteCountry "ENG"]
[BlackCountry "NZL"]
[WhiteElo "2069"]
[WhiteRD "90"]
[BlackElo "2134"]
[BlackRD "88"]
[GameID "286722"]

1. Nf3 Nf6 2. b3 g6 3. Bb2 Bg7 4. g3 O-O 5. Bg2 d6 6. d4 e5 7. dxe5 Ng4 8. Qd2 Nc6 9. O-O Ngxe5 10. Nxe5 Nxe5
11. c4 a5 12. f4 Nc6 13. Bxg7 Kxg7 14. Nc3 f6 15. e4 Bg4 16. h3 Bd7 17. a3 Qc8 18. Kh2 Rf7 19. Nd5 a4 20. b4 Ne7
21. Ne3 Nc6 22. Rab1 Qe8 23. Qc3 Rd8 24. b5 Na7 25. Nd5 c6 26. Nc7 Qe7 27. Qa5 Nc8 28. bxc6 b6 29. Qxa4 Bxc6 30. Qxc6 Qxc7
31. Qxc7 Rxc7 32. Rb4 Re8 33. a4 Kf7 34. Rfb1 h6 35. Kg1 Rc5 36. Kf2 Rc7 37. h4 h5 38. Rd1 Kg7 39. Rd4 Rce7 40. Rb2 Rf8
41. Bh3 f5 42. exf5 gxf5 43. Rd5 Kg6 44. Rbb5 Ref7 45. a5 bxa5 46. Rxa5 Rf6 47. Ra6 Kg7 48. Bf1 R8f7 49. Bd3 Kh6 50. Ke2 Kg7
51. Ke3 Rf8 52. Kd2 Kg6 53. c5 R8f7 54. Ke3 Rc7 55. cxd6 Rd7 56. Kf3 Rdxd6 57. Bxf5+ Kh6 58. Raxd6 Nxd6 59. Bd3 Re6 60. Re5 Rxe5
61. fxe5 Nc8 62. g4
1-0

[Event "Super-Match ICF -v- NE"]
[Site "SchemingMind.com"]
[Date "2011.06.16"]
[Round "-"]
[White "Phil Cook"]
[Black "CenturyBugs"]
[Result "1-0"]
[WhiteCountry "NZL"]
[BlackCountry "ENG"]
[WhiteElo "2170"]
[WhiteRD "88"]
[BlackElo "2058"]
[BlackRD "90"]
[GameID "286742"]

1. e4 Nc6 2. Nf3 e5 3. d4 Nxd4 4. Nxd4 exd4 5. Qxd4 Qf6 6. e5 Qb6 7. Qxb6 axb6 8. Bd3 d5 9. O-O Bc5 10. c3 Nh6
11. Bxh6 gxh6 12. Nd2 O-O 13. Nb3 Re8 14. Nxc5 bxc5 15. f4 Bg4 16. Rfe1 Bd7 17. Kf2 Ra4 18. Kg3 Kh8 19. Bc2 Rg8+ 20. Kf3 Ra6
21. Kf2 d4 22. Red1 Rb6 23. b3 Bc6 24. g3 dxc3 25. Rd3 Rb4 26. Rxc3 Rd4 27. Ke3 b6 28. Rb1 Bd5 29. Rd1 Rxd1 30. Bxd1 Re8
31. Bf3 c6 32. Rd3 Ra8 33. Bxd5 cxd5 34. Rxd5 Rxa2 35. f5 Kg7 36. Rd7 Kf8 37. f6 Ke8 38. Re7+ Kf8 39. Rb7 Ra8 40. Rxb6 Ke8
41. Kd3 h5 42. Kc4 h6 43. Rb7 Ra2 44. Kb5 Ra8 45. h3 Rd8 46. Kxc5 Rd3 47. Rb8+ Kd7 48. Rf8 Ke6 49. Re8+ Kf5 50. g4+ hxg4
51. hxg4+ Kg6 52. Rg8+ Kh7 53. Rg7+ Kh8 54. Rxf7 Rc3+ 55. Kd6 Rd3+ 56. Ke7
1-0

[Event "Super-Match ICF -v- NE"]
[Site "SchemingMind.com"]
[Date "2011.06.16"]
[Round "-"]
[White "Zeidan"]
[Black "lawyertheologian"]
[Result "1-0"]
[WhiteCountry "LBN"]
[BlackCountry "USA"]
[WhiteElo "2195"]
[WhiteRD "85"]
[BlackElo "2016"]
[BlackRD "81"]
[GameID "286723"]

1. e4 Nf6 2. e5 Nd5 3. Nc3 Nxc3 4. dxc3 d5 5. Bf4 g6 6. Qd2 Bg7 7. O-O-O c6 8. Kb1 Bf5 9. f3 h5 10. Bd3 Bxd3
11. cxd3 d4 12. Ne2 c5 13. e6 fxe6 14. Bxb8 Rxb8 15. Qg5 Rh6 16. Qxc5 dxc3 17. Nxc3 Qd4 18. Qb5+ Qd7 19. Qb3 g5 20. Ne4 g4
21. fxg4 hxg4 22. Nc5 Qd5 23. Qa4+ b5 24. Qxg4 Qd4 25. Qxd4 Bxd4 26. Ne4 Kd7 27. h4 Rbh8 28. g3 a5 29. Rc1 a4 30. Rc2 e5
31. Rhc1 Bb6 32. Nc5+ Kd6 33. Ne4+ Kd5 34. Nc3+ Kd4 35. Nxb5+ Kxd3 36. Rc4 Ra8 37. R1c3+ Ke2 38. Ra3 Kf2 39. Rc2+ Ke1 40. Rd3 Rd8
41. Rxd8 Bxd8 42. Nc3 a3 43. bxa3 Rg6 44. h5 Rb6+ 45. Kc1 e6 46. Re2+ Kf1 47. Rxe5 Bf6 48. Rc5 Be7 49. Rc4 Bxa3+ 50. Kc2 Rb2+
51. Kd3 Be7 52. g4 Rg2 53. a4 Rg3+ 54. Kc2 Bd8 55. Ne4 Rh3 56. g5 Ke1 57. g6
1-0

[Event "Super-Match ICF -v- NE"]
[Site "SchemingMind.com"]
[Date "2011.06.15"]
[Round "-"]
[White "lawyertheologian"]
[Black "Zeidan"]
[Result "0-1"]
[WhiteCountry "USA"]
[BlackCountry "LBN"]
[WhiteElo "2009"]
[WhiteRD "81"]
[BlackElo "2201"]
[BlackRD "82"]
[GameID "286743"]

1. e4 Nc6 2. d4 e5 3. d5 Nce7 4. Bd3 Ng6 5. Be3 Nf6 6. h4 c6 7. h5 Nf4 8. Bxf4 exf4 9. Qf3 Qb6 10. b3 cxd5
11. Nd2 Bb4 12. exd5 Qd4 13. Rd1 Qxd5 14. Rh4 Qxf3 15. Nxf3 d5 16. h6 O-O 17. hxg7 Re8+ 18. Kf1 Bg4 19. Bxh7+ Kxg7 20. Bd3 Rh8
21. Rxh8 Rxh8 22. Kg1 Re8 23. Bb5 Rc8 24. Bd3 Nd7 25. Rc1 Nc5 26. Bf1 Ne4 27. Nxe4 dxe4 28. Ne5 Be6 29. Bc4 Bxc4 30. Nxc4 b5
31. c3 bxc4 32. cxb4 cxb3
0-1

[Event "Super-Match ICF -v- NE"]
[Site "SchemingMind.com"]
[Date "2011.06.16"]
[Round "-"]
[White "Marcel51"]
[Black "michel"]
[Result "1-0"]
[WhiteCountry "FRA"]
[BlackCountry "CAN"]
[WhiteElo "2157"]
[WhiteRD "74"]
[BlackElo "1979"]
[BlackRD "59"]
[GameID "286724"]

1. e4 e5 2. Nf3 Nc6 3. Bb5 a6 4. Bxc6 dxc6 5. O-O Bd6 6. d4 exd4 7. Qxd4 f6 8. Be3 Ne7 9. Qc4 b5 10. Qb3 c5
11. Qa3 c4 12. Bc5 Bb7 13. Nc3 Nc8 14. Rad1 O-O 15. Nd4 Qe8 16. Rfe1 Qh5 17. Bxd6 Nxd6 18. Ne6 Rf7 19. Nd5 Bxd5 20. Rxd5 Qg4
21. Nxc7 Rxc7 22. Qxd6 Rcc8 23. f3 Qh4 24. Red1 Qh6 25. Qe6+ Kf8 26. Rd7 Qg6 27. R1d6 Qe8 28. Qd5
1-0

[Event "Super-Match ICF -v- NE"]
[Site "SchemingMind.com"]
[Date "2011.06.16"]
[Round "-"]
[White "michel"]
[Black "Marcel51"]
[Result "1-0"]
[WhiteCountry "CAN"]
[BlackCountry "FRA"]
[WhiteElo "1979"]
[WhiteRD "59"]
[BlackElo "2157"]
[BlackRD "74"]
[GameID "286744"]

1. Nf3 d5 2. c4 d4 3. g3 Nc6 4. Bg2 Nf6 5. d3 e5 6. O-O Bd6 7. Na3 O-O 8. Nc2 a5 9. b3 Re8 10. a3 Bc5
11. Bg5 h6 12. Bxf6 Qxf6 13. Nd2 Bg4 14. Ne4 Qe7 15. Nxc5 Qxc5 16. Qd2 Qb6 17. Rab1 a4 18. b4 Na5 19. bxa5 Qxa5 20. Qxa5 Rxa5
21. f3 Bc8 22. Kf2 Rd8 23. Ke1 g5 24. f4 exf4 25. gxf4 g4 26. Bxb7 Rh5 27. Bxc8 Rxc8 28. Rf2 c5 29. Kd2 Rh3 30. Rb5 h5
31. Rg2 Kf8 32. Ra5 h4 33. Rxa4 g3 34. hxg3 Rxg3 35. Rxg3 hxg3 36. Ke1 Re8 37. Kf1 g2+ 38. Kxg2 Rxe2+ 39. Kf3 Rxc2 40. Ra7 Rd2
41. Ke4 Re2+ 42. Kd5 Re3 43. Kxc5 Rxd3 44. Rd7 Rxa3 45. Rxd4 Rb3 46. Re4 f5 47. Re5 Kg7 48. Rxf5 Kg6 49. Rd5 Rf3 50. f5+ Rxf5
51. Rxf5 Kxf5 52. Kd6 Ke4 53. c5 Kd4 54. c6
1-0

[Event "Super-Match ICF -v- NE"]
[Site "SchemingMind.com"]
[Date "2011.06.18"]
[Round "-"]
[White "harsh"]
[Black "littleboo"]
[Result "0-1"]
[WhiteCountry "IND"]
[BlackCountry "USA"]
[WhiteElo "1949"]
[WhiteRD "92"]
[BlackElo "2137"]
[BlackRD "89"]
[GameID "286725"]

1. d4 Nf6 2. c4 e6 3. Nf3 d5 4. g3 dxc4 5. Qa4+ Nbd7 6. Qxc4 Bd6 7. Bg2 O-O 8. O-O Re8 9. Nc3 c6 10. e4 e5
11. dxe5 Nxe5 12. Nxe5 Bxe5 13. Rd1 Qc7 14. f4 Qb6+ 15. Kh1 Ng4 16. Rf1 Bxc3 17. Qxc3 Nf2+ 18. Rxf2 Qxf2 19. Be3 Qe2 20. Bd4 f6
21. e5 fxe5 22. Bxe5 Be6 23. Bxg7 Rad8 24. Bf3 Bd5 25. Bxd5+ Rxd5 26. Bh6 Re7 27. Qf6 Rf7 28. Qh4 Rfd7
0-1

[Event "Super-Match ICF -v- NE"]
[Site "SchemingMind.com"]
[Date "2011.06.17"]
[Round "-"]
[White "littleboo"]
[Black "harsh"]
[Result "1-0"]
[WhiteCountry "USA"]
[BlackCountry "IND"]
[WhiteElo "2137"]
[WhiteRD "89"]
[BlackElo "1949"]
[BlackRD "92"]
[GameID "286745"]

1. e4 Nc6 2. Nf3 d6 3. d4 Bg4 4. d5 Ne5 5. Bb5+ c6 6. dxc6 Nxc6 7. O-O Nf6 8. Nc3 a6 9. Be2 g6 10. Re1 Bg7
11. h3 Bxf3 12. Bxf3 O-O 13. Nd5 e6 14. Nxf6+ Bxf6 15. c3 Ne5 16. Be2 b5 17. Bh6 Re8 18. a4 Qb6 19. axb5 axb5 20. Qb3 Rxa1
21. Rxa1 Rb8 22. Qb4 Be7 23. Be3 Qb7 24. Ra7
1-0

[Event "Super-Match ICF -v- NE"]
[Site "SchemingMind.com"]
[Date "2011.06.16"]
[Round "-"]
[White "Will Grummitt"]
[Black "madrugada"]
[Result "1-0"]
[WhiteCountry "ENG"]
[BlackCountry "BEL"]
[WhiteElo "1993"]
[WhiteRD "63"]
[BlackElo "2036"]
[BlackRD "74"]
[GameID "286726"]

1. e4 e5 2. Nf3 d6 3. d4 Nf6 4. Nc3 Nbd7 5. Bc4 Be7 6. O-O O-O 7. h3 c6 8. Be3 d5 9. exd5 cxd5 10. Bxd5 Nxd5
11. Nxd5 e4 12. Nd2 f5 13. Bf4 Nf6 14. Nxe7+ Qxe7 15. c4 Rd8 16. d5 b5 17. d6 Qd7 18. c5 Bb7 19. Bg5 Qc6 20. Nb3 e3
21. f3 a5 22. Rc1 Re8 23. Nd4 Qd5 24. Qb3 Qxb3 25. axb3 Rad8 26. Rfe1 f4= 27. Bxf4 Nd5 28. Bg3 Nb4 29. c6 Nxc6 30. Nxc6 Bxc6
31. Rxc6 Re6 32. Rc5 b4 33. Rxa5 Kf8 34. Rb5 Kf7 35. Rxb4 e2 36. Kf2 Rd7 37. Rc4 Rd8 38. Rc7+ Kf6 39. Rxe2 Rxe2+ 40. Kxe2
1-0

[Event "Super-Match ICF -v- NE"]
[Site "SchemingMind.com"]
[Date "2011.06.16"]
[Round "-"]
[White "madrugada"]
[Black "Will Grummitt"]
[Result "0-1"]
[WhiteCountry "BEL"]
[BlackCountry "ENG"]
[WhiteElo "2036"]
[WhiteRD "74"]
[BlackElo "1993"]
[BlackRD "63"]
[GameID "286746"]

1. e4 e6 2. Qe2 c5 3. Nf3 Nc6 4. g3 Nf6 5. Bg2 Be7 6. O-O d5 7. exd5 exd5 8. d3 O-O 9. Nc3 Bg4 10. Re1 Re8
11. Bg5 Qd7 12. Qd2 d4 13. Bxf6 Bxf6 14. Ne4 Be7 15. Qf4 f5 16. Neg5 h6 17. Nh3 Bf6 18. a3 Rad8 19. b4 Rxe1+ 20. Rxe1 cxb4
21. axb4 Nxb4 22. Qd2 Nc6 23. Nf4 g5 24. Ne6 Rc8 25. Nc5 Qd5 26. Qe2 Nb4 27. Nxb7 Kg7 28. h3 Bh5 29. Nxd4 Bxe2 30. Bxd5 Bxd4
31. Nd6 Rf8 32. Be4 Rf6 33. Bd5 Rf8 34. Be6 Bxd3 35. cxd3 Bxf2+ 36. Kxf2 Nxd3+ 37. Kf1 Nxe1 38. Kxe1 Rd8 39. Nxf5+ Kf6
0-1

[Event "Super-Match ICF -v- NE"]
[Site "SchemingMind.com"]
[Date "2011.06.16"]
[Round "-"]
[White "Richard W"]
[Black "opto"]
[Result "0-1"]
[WhiteCountry "ENG"]
[BlackCountry "CAN"]
[WhiteElo "1845"]
[WhiteRD "137"]
[BlackElo "1945"]
[BlackRD "95"]
[GameID "286727"]

1. d4 Nf6 2. c4 c5 3. e3 e6 4. Nf3 d5 5. Nc3 Nc6 6. h3 cxd4 7. exd4 Bb4 8. Bg5 Bxc3+ 9. bxc3 Qa5 10. Qc2 Ne4
11. Bd2 Nxd2 12. Qxd2 O-O 13. Bd3 e5 14. dxe5 dxc4 15. Bxc4 Nxe5 16. Nxe5 Qxe5+ 17. Qe3 Qxe3+ 18. fxe3 Re8 19. O-O-O Be6 20. Bxe6 Rxe6
21. Rd3 Rae8 22. Rhd1 f5 23. Re1 Kf7 24. Rd7+ R8e7 25. Rxe7+ Kxe7 26. g3 g5 27. Kd2 Ra6 28. Ra1 Ke6 29. a3 Ke5 30. Rb1 Rd6+
31. Ke2 b6 32. Rb5+= Rd5 33. Rxd5+ Kxd5 34. Kd3 h5 35. h4 gxh4 36. gxh4 b5 37. Ke2 Ke4 38. Kf2 a6 39. Ke2 a5 40. Kf2 Kd3
41. Kf3 Kxc3 42. Kf4 Kd3 43. Kxf5 Kxe3 44. Kg5 b4 45. axb4 axb4 46. Kxh5 b3 47. Kg6 b2 48. h5 b1=Q+ 49. Kg7 Qb7+ 50. Kh8 Qc8+
51. Kg7 Qd7+ 52. Kg6 Qg4+ 53. Kh6 Kf4
0-1

[Event "Super-Match ICF -v- NE"]
[Site "SchemingMind.com"]
[Date "2011.06.15"]
[Round "-"]
[White "opto"]
[Black "Richard W"]
[Result "1-0"]
[WhiteCountry "CAN"]
[BlackCountry "ENG"]
[WhiteElo "1965"]
[WhiteRD "97"]
[BlackElo "1812"]
[BlackRD "133"]
[GameID "286747"]

1. e4 e5 2. Nf3 Nf6 3. d4 Nxe4 4. Bd3 d5 5. Nxe5 Bd6 6. O-O O-O 7. c4 Bxe5 8. dxe5 Nc6 9. cxd5 Qxd5 10. Bxe4 Qxe4
11. Re1 Qf5 12. f4 Be6 13. Nc3 Rfd8 14. Qf3 Nd4 15. Qxb7 Nc2 16. Be3 Nxa1 17. Rxa1 Rdb8 18. Qf3 Qg4 19. Qxg4 Bxg4 20. b3 c6
21. h3 Be6 22. Kf2 a6 23. g4 Rd8 24. f5 Bc8 25. Kf3 h6 26. Ne4 Rd3 27. Nc5 Rd8 28. Ke4 Rb8 29. Rc1 Rb4+ 30. Kf3 Rd5
31. a3 Rb8 32. Ke4 Rd8 33. Bd4 Rd5 34. Rc4 Rd8 35. Ra4 Bb7 36. Kd3 Bc8 37. Kc4 Ra8 38. Ne4 Bd7 39. Nc5 Bc8 40. Rb4 a5
41. Rb6 Bd7 42. e6 fxe6 43. fxe6 Be8 44. Rb7 Rxd4+ 45. Kxd4 Kf8 46. Ke5 Bg6 47. Kd6 Be8 48. Nd7+ Kg8 49. Rb8 Rxb8 50. Nxb8 h5
51. Nxc6 g5 52. Nxa5 hxg4 53. hxg4 Kf8 54. Nc4 Bg6 55. e7+ Ke8 56. a4 Bf7 57. a5 Be6 58. a6 Bxg4 59. Ne5 Bc8 60. a7 Bb7
61. b4 Bh1 62. b5 Bg2 63. Nc6
1-0

[Event "Super-Match ICF -v- NE"]
[Site "SchemingMind.com"]
[Date "2011.06.16"]
[Round "-"]
[White "CunningBill"]
[Black "SittingBull"]
[Result "0-1"]
[WhiteCountry "USA"]
[BlackCountry "CAN"]
[WhiteElo "1786"]
[WhiteRD "99"]
[BlackElo "1836"]
[BlackRD "64"]
[GameID "286728"]

1. e4 c5 2. Nc3 Nc6 3. Nf3 g6 4. Bb5 Bg7 5. O-O e6 6. Bxc6 bxc6 7. e5 Ne7 8. d3 Nd5 9. Ne4 O-O 10. c4 f5
11. Nd6 Nb6 12. Bg5 Qc7 13. Qc1 Ba6 14. Bh6 Nc8 15. Qf4 Nxd6 16. exd6 Bxh6 17. Qxh6 Qxd6 18. Ng5 Qe7 19. Rfe1 Qg7 20. Qh4 h6
21. Nf3 Rab8 22. b3 Rbe8 23. Ne5 Bb7 24. Qg3 g5 25. f4 d6 26. Nf3 g4 27. Nd2 e5 28. Rab1 exf4 29. Qxf4 Qd4+ 30. Qxd4 cxd4
31. b4 Re3 32. Rxe3 dxe3 33. Nb3 Re8 34. Re1 f4 35. a4 Bc8 36. Nd4 Bd7 37. b5 c5 38. Nc6 Bxc6 39. bxc6 Rc8 40. g3 fxg3
41. hxg3 Rxc6 42. Rxe3 Kf7 43. Re4 h5 44. Rf4+ Kg6 45. Rf8 Ra6 46. Rd8 Kf6 47. Kf2 Ke5 48. Ke3 Rxa4 49. Rh8 Ra6 50. Rxh5+ Kf6
51. Kf4 Rb6 52. Kxg4 a5 53. Kf4 a4 54. g4 a3 55. g5+ Kg6 56. Rh6+ Kg7 57. Rh1 Rb3 58. Rd1 Kg6 59. Rd2 Rb2 60. Rd1 a2
61. Ra1 Rh2 62. Kg3 Rd2 63. Kf4 Rxd3
0-1

[Event "Super-Match ICF -v- NE"]
[Site "SchemingMind.com"]
[Date "2011.06.15"]
[Round "-"]
[White "SittingBull"]
[Black "CunningBill"]
[Result "1-0"]
[WhiteCountry "CAN"]
[BlackCountry "USA"]
[WhiteElo "1916"]
[WhiteRD "63"]
[BlackElo "1820"]
[BlackRD "95"]
[GameID "286748"]

1. e4 e5 2. Nf3 Nc6 3. Bb5 Nf6 4. Qe2 Bc5 5. O-O O-O 6. d3 Nd4 7. Nxd4 exd4 8. Bg5 Be7 9. Nd2 d5 10. exd5 Qxd5
11. Bxf6 Bxf6 12. Bc4 Qc6 13. Rfe1 b5 14. Bb3 Bb7 15. Qe4 Qb6 16. Qf5 Qc6 17. Ne4 Kh8 18. f3 Bh4 19. Ng5 Bxg5 20. Qxg5 h6
21. Qh5 Qf6 22. Re5 g5 23. Rae1 Bc8 24. h4 Qg6 25. Qxg6 fxg6 26. hxg5 h5 27. Rxb5 c6 28. Rbe5 Ba6 29. Re7 c5 30. Rc7 Rfe8
31. Rxe8+ Rxe8 32. Kf2 Re5 33. Rxa7 Bb5 34. a4 Bc6 35. Ra6 Be8 36. Ra8 Kg7 37. a5 Bc6 38. Rg8+ Kh7 39. Bc4 Rxg5 40. Rc8
1-0

[Event "Super-Match ICF -v- NE"]
[Site "SchemingMind.com"]
[Date "2011.06.15"]
[Round "-"]
[White "Mitchell-in"]
[Black "timer"]
[Result "0-1"]
[WhiteCountry "ENG"]
[BlackCountry "USA"]
[WhiteElo "1797"]
[WhiteRD "65"]
[BlackElo "2001"]
[BlackRD "96"]
[GameID "286729"]

1. e4 e5 2. Nf3 Nc6 3. Bb5 a6 4. Bxc6 dxc6 5. O-O Qf6 6. d4 exd4 7. e5 Qg6 8. Qxd4 Be7 9. Bf4 b6 10. Qc3 Bh3
11. Bg3 Bd7 12. Nbd2 Nh6 13. Rfe1 O-O 14. Rad1 Rfe8 15. Ne4 Bg4 16. h3 Bxf3 17. Qxf3 Rad8 18. c4 Rxd1 19. Rxd1 Rd8 20. Rxd8+ Bxd8
21. Qe2 Qe6 22. b3 Nf5 23. Bh2 Nd4 24. Qd3 c5 25. Nc3 f6
0-1

[Event "Super-Match ICF -v- NE"]
[Site "SchemingMind.com"]
[Date "2011.06.16"]
[Round "-"]
[White "timer"]
[Black "Mitchell-in"]
[Result "1-0"]
[WhiteCountry "USA"]
[BlackCountry "ENG"]
[WhiteElo "2001"]
[WhiteRD "96"]
[BlackElo "1797"]
[BlackRD "65"]
[GameID "286749"]

1. d4 d5 2. c4 e6 3. Nf3 Nf6 4. g3 Be7 5. Bg2 O-O 6. O-O dxc4 7. Qc2 a6 8. Qxc4 b5 9. Qc2 Bb7 10. Bf4 Nc6
11. Nc3 Nxd4 12. Nxd4 Bxg2 13. Rfd1 Bd5 14. e4 c5 15. exd5 cxd4 16. dxe6 fxe6 17. Be5 Qa5 18. Bxd4 Rac8 19. Qe2 Rc6 20. Ne4 Nxe4
21. Qxe4 Qc7 22. Be3
1-0

[Event "Super-Match ICF -v- NE"]
[Site "SchemingMind.com"]
[Date "2011.06.15"]
[Round "-"]
[White "e_castle3"]
[Black "Spottdrossel"]
[Result "1-0"]
[WhiteCountry "PHI"]
[BlackCountry "GER"]
[WhiteElo "1849"]
[WhiteRD "52"]
[BlackElo "1866"]
[BlackRD "86"]
[GameID "286730"]

1. Nc3 e5 2. d4 d6 3. dxe5 dxe5 4. Qxd8+ Kxd8 5. Bg5+ Be7 6. O-O-O+ Nd7 7. Nf3 f6 8. Bd2 c6 9. e4 Bc5 10. Be1 Ne7
11. Na4 Bb6 12. Nxb6 axb6 13. Bc4 Kc7 14. Nd2 Nc5 15. Kb1 b5 16. Bb3 Rd8 17. f3 Nxb3 18. axb3 Be6 19. Bf2 Ng6 20. g3 b6
21. Rhe1 Ra6 22. c3 Rda8 23. Kc2 Ra2 24. Nb1 Ra1 25. Na3 Ra2 26. Nb1 f5 27. h4 fxe4 28. fxe4 Ne7 29. Rd2 Ng8 30. Rd3 Nf6
31. Nd2 c5 32. b4 Kc6 33. Nf3 Bb3+ 34. Kc1 Ng4 35. Bg1 Ra1+ 36. Kd2 Rxe1 37. Nxe1
1-0

[Event "Super-Match ICF -v- NE"]
[Site "SchemingMind.com"]
[Date "2011.06.16"]
[Round "-"]
[White "Spottdrossel"]
[Black "e_castle3"]
[Result "0-1"]
[WhiteCountry "GER"]
[BlackCountry "PHI"]
[WhiteElo "1866"]
[WhiteRD "86"]
[BlackElo "1849"]
[BlackRD "52"]
[GameID "286750"]

1. c4 c5 2. Nf3 Nf6 3. Nc3 Nc6 4. d4 cxd4 5. Nxd4 e5 6. Nf3 Bb4 7. Qc2 d6 8. Bd2 O-O 9. e3 Bg4 10. Be2 Qd7
11. Bd3 Rfe8 12. Nd5 Bxd2+ 13. Nxd2 h6 14. Nxf6+ gxf6 15. Ne4 Qe7 16. Nc3 Nb4 17. Qd2 Nxd3+ 18. Qxd3 Be6 19. O-O Rac8 20. b3 f5
21. Rad1 Red8 22. f4 e4 23. Qd4 a6 24. Nd5 Bxd5 25. Qxd5 Rc5 26. Qd4 Kh7 27. a4 a5 28. Rd2 Qe6 29. Rc1 b6 30. Rcd1 f6
31. Qb2 d5 32. Rd4 Rd6 33. Qd2 Qd7 34. Rxd5 Rdxd5 35. cxd5 Qd6 36. b4 Rc4
0-1

[Event "Super-Match ICF -v- NE"]
[Site "SchemingMind.com"]
[Date "2011.06.16"]
[Round "-"]
[White "Clive Everill"]
[Black "Marco_M"]
[Result "0-1"]
[WhiteCountry "CZE"]
[BlackCountry "ITA"]
[WhiteElo "1760"]
[WhiteRD "50"]
[BlackElo "1960"]
[BlackRD "138"]
[GameID "286731"]

1. e4 e5 2. Nc3 Nf6 3. f4 d5 4. fxe5 Nxe4 5. Nf3 Bc5 6. d4 Bb4 7. Bd2 Bxc3 8. Bxc3 Nxc3 9. bxc3 Be6 10. Bd3 Nd7
11. O-O O-O 12. Qd2 h6 13. Nh4 Qxh4 14. g3 Qg5 15. Qg2 f6 16. exf6 Rxf6 17. Rxf6 Nxf6 18. h4 Qh5 19. Re1 Re8 20. Be2 Bg4
0-1